| 000 | 00826nam a2200205 a 4500 | ||
|---|---|---|---|
| 008 | 170113s2006 ||||||||||||||||| || u | ||
| 020 | _a9781412907330 | ||
| 050 | _aLB 2343.3 Pal | ||
| 100 | _aPalmer, Stephen | ||
| 245 | 1 | 0 |
_aCoping with stress at university: a survival guide _cBy Stephen Palmer and Angela Puri |
| 260 |
_aLondon _bSAGE Publications _c2006 |
||
| 300 | _axi, 232p. | ||
| 650 | 7 |
_aCOLLEGE STUDENTS--CONDUCT OF LIFE _2sears |
|
| 650 | _aCOLLEGE STUDENTS--LIFE SKILLS GUIDES | ||
| 650 | _aCOLLEGE STUDENTS--MENTAL HEALTH | ||
| 650 | _aSTUDY SKILLS--HANDBOOKS, MANUALS, ETC | ||
| 650 | _aCOLLEGE STUDENTS--PSYCHOLOGY | ||
| 700 | _aPuri, Angela | ||
| 995 |
_FCBU-MAIN LIBRARY (Kitwe) _M1 _UAVAILABLE _WFeb 20, 2017 _ZMain Library Open Access Collection |
||
| 999 |
_c38771 _d38771 |
||